000 00650nam a2200241Ia 4500
003 OSt
005 20220916110934.0
006 a|||||r|||| 00| 0
007 ta
008 220915b |||||||| |||| 00| 0 eng d
024 _a19993
037 _cTextbook
040 _beng
_aARTS
_cARTS
041 _aeng
082 _aO111,1N07:g, K5 (TTO)
100 _aBlair John G
245 0 _aPoetic art of W H Auden
260 _aPrinceton
_bPrinceton University Press
300 _aviii,210p.
_ccm.
650 _aENGLISH LITERATURE
942 _hO111,1N07:g, K5 (TTO)
_cTB
_2CC
999 _c101864
_d101864